Poznaj piłkarza po jego transferach #2 - Statystyki

Ogólne statystyki
  • Ten quiz został rozwiązany 42 razy
  • Średni wynik to 3 z 5
Statystyki odpowiedzi
Transfer Piłkarz % Poprawnych
Groningen - Celtic Glasgow - Southampton - Liverpool van Dijk
95%
Jagiellonia - Fiorentina - Empoli - Fiorentina - Spezia Drągowski
70%
BVB - Chelsea FC - BVB - Chelsea FC - AC Milan Pulisić
59%
Valencia - Getafe - Valencia - FC Barcelona - BVB - FC Barcelona - BVB - Villareal - Sharijah FC Alcacer
27%
Valencia Gaya | Jose Luis Gaya
14%
Nie znaleziono quizów pasujących do podanych kryteriów
Rozkład punktacji
Procent ludzi z każdym wynikiem
Percentyl według liczby udzielonych odpowiedzi
Twoja historia wyników
Nie rozwiązałeś tego quizu